000 00715nam a2200301Ia 4500
008 171120s9999 xx 000 0 und d
020 _a9.7897127183e+012
050 _a391
050 _bR175 2007
100 _aRamos, Barge
245 _aPinoy dressing :
245 _bweaving culture into fashion /
245 _cby Barge Ramos.
260 _aPhilippines :
260 _bAnvil,
260 _c2007
300 _a231 pages :
300 _billustrations ;
300 _c31cm.
650 _aClothing and dress --
650 _aFashion --
650 _aWeaving --
650 _xPhilippines.
650 _xPhilippines.
650 _xPhilippines.
700 _aLoretto.
700 _aTitle.
999 _c345325
_d345325